000
00344nam a2200145Ia 4500
008
150201s2007 xx 000 0 und d
082
_a
610.7
_b
H07W
100
_a
WEBER, JANET
245
_a
HEALTH ASSESSMENT IN NURSING
250
_a
3RD
260
_b
LIPPINCOTT
_a
PHILADELPHIA
_c
2007
300
_a
1001
650
_a
NURSING
942
_2
ddc
_c
BK
999
_c
2322
_d
2322